Statistics for 300 biggest cities in the world -yellow box

Click here to take the quiz!

General Stats

  • This quiz has been taken 43 times
  • The average score is 31 of 300

Answer Stats

PopulationCity% Correct
46.96 millionGuangzhou
100%
33.95 millionShanghai
91%
41.17 millionTokyo
91%
30.51 millionDelhi
82%
31.62 millionJakarta
82%
26.53 millionManila
82%
26.00 millionMumbai
82%
18.42 millionBangkok
73%
21.80 millionCairo
73%
18.92 millionLagos
73%
23.18 millionMexico City
73%
23.06 millionSão Paulo
73%
25.92 millionSeoul
73%
19.03 millionBeijing
64%
15.92 millionBuenos Aires
64%
21.02 millionDhaka
64%
15.67 millionIstanbul
64%
13.00 millionJohannesburg
64%
14.92 millionLondon
64%
17.81 millionLos Angeles
64%
17.29 millionMoscow
64%
22.51 millionNew York City
64%
17.47 millionOsaka
64%
12.95 millionRio De Janeiro
64%
15.47 millionTehran
64%
12.05 millionBangalore
55%
17.93 millionKarachi
55%
17.02 millionKolkata
55%
12.81 millionLahore
55%
11.83 millionNagoya
55%
12.00 millionParis
55%
9.90 millionBogota
45%
11.25 millionChennai
45%
12.90 millionKinshasa
45%
12.36 millionTianjin
45%
9.81 millionChengdu
36%
9.92 millionLima
36%
9.90 millionXiamen
36%
9.90 millionChicago
27%
8.26 millionHo Chi Minh City
27%
7.72 millionHong Kong
27%
10.52 millionHyderabad
27%
9.71 millionWuhan
27%
8.16 millionAhmedabad
18%
8.14 millionChongqing
18%
8.29 millionKuala Lumpur
18%
6.00 millionNairobi
18%
8.00 millionRiyadh
18%
8.00 millionShenyang
18%
9.80 millionTaipei
18%
8.21 millionWashington D.C.
18%
6.59 millionXi’an
18%
5.50 millionYangon
18%
5.90 millionAlexandria
9%
5.10 millionAnkara
9%
3.45 millionAthens
9%
6.93 millionBaghdad
9%
4.42 millionBarcelona
9%
5.10 millionBelo Horizonte
9%
4.37 millionBerlin
9%
7.84 millionBoston
9%
4.55 millionChittagong
9%
4.40 millionColombo
9%
4.30 millionDalian
9%
7.00 millionDallas
9%
6.30 millionDar Es Salaam
9%
3.60 millionDenver
9%
5.40 millionGuadalajara
9%
3.86 millionHanoi
9%
5.15 millionHarbin
9%
6.50 millionHouston
9%
6.29 millionKhartoum
9%
8.09 millionLuanda
9%
3.60 millionLucknow
9%
6.43 millionMadrid
9%
6.16 millionMiami
9%
7.23 millionPhiladelphia
9%
4.10 millionPorto Alegre
9%
6.52 millionPune
9%
6.10 millionQingdao
9%
5.75 millionSaint Petersburg
9%
7.92 millionSan Francisco
9%
7.06 millionSantiago
9%
4.29 millionSeattle
9%
7.96 millionSingapore
9%
6.10 millionSurabaya
9%
6.45 millionSurat
9%
5.22 millionSydney
9%
7.59 millionToronto
9%
5.26 millionWenzhou
9%
5.10 millionZhengzhou
9%
5.52 millionAbidjan
0%
3.55 millionAbuja
0%
5.20 millionAccra
0%
3.90 millionAddis Ababa
0%
2.26 millionAgra
0%
1.90 millionAleppo
0%
3.95 millionAlgiers
0%
2.10 millionAlmaty
0%
5.50 millionAmman
0%
2.45 millionAmsterdam
0%
2.55 millionAnshan
0%
2.30 millionAsunción
0%
5.90 millionAtlanta
0%
1.90 millionAustin
0%
2.50 millionBaku
0%
3.50 millionBamako
0%
6.91 millionBandung
0%
2.08 millionBaoding
0%
2.20 millionBaotou
0%
2.08 millionBarranquilla
0%
2.20 millionBelem
0%
2.90 millionBhilai
0%
2.30 millionBhopal
0%
1.90 millionBhubaneswar
0%
3.10 millionBirmingham
0%
4.04 millionBrasília
0%
2.23 millionBrazzaville
0%
3.10 millionBrisbane
0%
2.58 millionBrussels
0%
2.12 millionBucharest
0%
2.55 millionBudapest
0%
2.05 millionBursa
0%
4.12 millionBusan
0%
2.90 millionCali
0%
4.20 millionCape Town
0%
3.68 millionCaracas
0%
4.30 millionCasablanca
0%
2.60 millionCebu
0%
2.31 millionChandigarh
0%
3.60 millionChangchun
0%
4.57 millionChangsha
0%
2.45 millionCharlotte
0%
2.73 millionCincinnati
0%
2.04 millionCixi
0%
3.00 millionCleveland
0%
2.60 millionCoimbatore
0%
5.07 millionCologne / Düsseldorf
0%
2.50 millionConakry
0%
3.45 millionCuritiba
0%
2.69 millionDaegu
0%
3.60 millionDakar
0%
3.90 millionDamascus
0%
2.50 millionDammam
0%
5.82 millionDetroit
0%
3.45 millionDouala
0%
5.42 millionDubai
0%
3.45 millionDurban
0%
3.60 millionFaisalabad
0%
3.60 millionFortaleza
0%
3.27 millionFrankfurt
0%
2.67 millionFukuoka
0%
4. 05 millionFuzhou
0%
1.90 millionGaza
0%
2.10 millionGeorge Town
0%
2.30 millionGoiania
0%
3.07 millionGuatemala City
0%
3.38 millionGuiyang
0%
2.70 millionGujranwala
0%
1.80 millionHaikou
0%
2.87 millionHamburg
0%
2.00 millionHarare
0%
2.20 millionHavana
0%
4.95 millionHefei
0%
1.85 millionHiroshima
0%
1.80 millionHohhot
0%
1.95 millionHuai’an
0%
2.80 millionHuizhou
0%
2.25 millionHyderabad
0%
3.57 millionIbadan
0%
2.00 millionIndianapolis
0%
3.18 millionIndore
0%
3.00 millionIzmir
0%
3.90 millionJaipur
0%
4.91 millionJeddah
0%
2.43 millionJiangyin
0%
4.30 millionJinan
0%
4.28 millionKabul
0%
1.84 millionKaduna
0%
3.50 millionKampala
0%
4.37 millionKano
0%
3.50 millionKanpur
0%
2.01 millionKansas City
0%
2.70 millionKaohsiung
0%
3.02 millionKathmandu
0%
3.50 millionKiev
0%
2.00 millionKitakyushu
0%
3.00 millionKumasi
0%
4.20 millionKunming
0%
4.40 millionKuwait City
0%
2.90 millionLanzhou
0%
2.10 millionLa Paz
0%
2.25 millionLas Vegas
0%
2.10 millionLeeds
0%
1.91 millionLeon
0%
2.00 millionLinyi
0%
2.39 millionLisbon
0%
2.00 millionLiuzhou
0%
1.80 millionLiverpool
0%
2.08 millionLomé
0%
2.12 millionLubumbashi
0%
1.95 millionLudhiana
0%
2.50 millionLuoyang
0%
2.56 millionLusaka
0%
1.94 millionLyon
0%
1.90 millionMakassar
0%
2.10 millionManaus
0%
3.00 millionManchester
0%
2.25 millionMaputo
0%
2.50 millionMaracaibo
0%
3.18 millionMashhad
0%
2.05 millionMbuji-Mayi
0%
2.08 millionMecca
0%
4.00 millionMedan
0%
4.04 millionMedellin
0%
5.00 millionMelbourne
0%
6.14 millionMilan
0%
3.15 millionMinneapolis
0%
2.00 millionMinsk
0%
1.90 millionMogadishu
0%
5.04 millionMonterrey
0%
1.80 millionMontevideo
0%
4.19 millionMontreal
0%
2.10 millionMultan
0%
2.21 millionMunich
0%
3.29 millionNagpur
0%
3.90 millionNanchong
0%
6.45 millionNanjing
0%
3.49 millionNanning
0%
2.00 millionNantong
0%
4.14 millionNaples
0%
2.05 millionNasik
0%
3.30 millionNingbo
0%
2.12 millionOkayama
0%
3.46 millionOrlando
0%
2.51 millionOuagadougou
0%
2.55 millionPatna
0%
2.05 millionPerth
0%
2.30 millionPeshawar
0%
2.00 millionPhnom Penh
0%
4.36 millionPhoenix
0%
2.00 millionPittsburgh
0%
3.20 millionPort-au-Prince
0%
2.30 millionPort Harcourt
0%
2.38 millionPortland
0%
3.10 millionPuebla
0%
2.95 millionPyongyang
0%
2.60 millionQuito
0%
2.01 millionRabat
0%
1.85 millionRajkot
0%
3.45 millionRawalpindi
0%
3.90 millionRecife
0%
3.55 millionRome
0%
3.27 millionRotterdam
0%
2.00 millionSacramento
0%
2.30 millionSaint Louis
0%
2.34 millionSalt Lake City
0%
3.60 millionSalvador
0%
2.80 millionSana’a
0%
2.14 millionSan Antonio
0%
3.40 millionSan Diego
0%
2.30 millionSan Jose
0%
1.90 millionSan Juan
0%
1.87 millionSan Salvador
0%
2.10 millionSanta Cruz
0%
3.97 millionSanto Domingo
0%
2.47 millionSapporo
0%
2.20 millionSemarang
0%
7.81 millionShantou
0%
4.30 millionShijiazhuang
0%
2.12 millionStockholm
0%
2.30 millionStuttgart
0%
2.30 millionTaichung
0%
4.10 millionTaiyuan
0%
2.30 millionTaizhou
0%
4.28 millionTampa
0%
2.85 millionTangshan
0%
3.18 millionTashkent
0%
2.55 millionTel-Aviv-Jaffa
0%
5.80 millionThe Ruhr
0%
1.90 millionTijuana
0%
2.30 millionToluca
0%
2.55 millionTunis
0%
4.10 millionUrumqi
0%
2.12 millionVadodara
0%
2.00 millionValencia
0%
2.85 millionVancouver
0%
1.90 millionVaranasi
0%
2.20 millionVienna
0%
2.00 millionVijayawada
0%
2.30 millionWarsaw
0%
1.96 millionWeifang
0%
1.80 millionXiangyang
0%
2.10 millionXinxiang
0%
2.83 millionXuhou
0%
1.90 millionYangzhou
0%
2.10 millionYantai
0%
3.46 millionYaounde
0%
1.90 millionYogyakarta
0%
3.50 millionZibo
0%

Score Distribution

Percentile by Number Answered

Percent of People with Each Score

Your Score History

You have not taken this quiz